000 00928nam a22002897a 4500
003 CHAP
005 20220329140817.0
008 971013s r 00010 d
010 _a57991
011 _a58963
035 _a63120
040 _cCHAP
090 _aR-1226
100 0 0 _aSmith, C. Earle, Jr.
_9106963
245 _aPlant remains
500 _aSobretiro de : Byers, Douglas A., ed. The prehistory of Tehuacán Valley. Austin, Univ. Texas Press, 1967. v.1 220-255
590 _aBATCH-UPD
_b10
_c20130110
_lUCH01
_h0640
590 _aBATCH-UPD
_b10
_c20130410
_lUCH01
_h0325
590 _aBATCH-UPD
_b10
_c20130914
_lUCH01
_h1331
590 _aCONVERSION
_b10
_c20130109
_lUCH01
_h1331
650 1 4 _aAgricultura
_xHistoria
_xPuebla.
_91526
650 1 4 _aEtnobotánica
_xPuebla.
_938632
650 1 4 _aPaleobotánica
_xPuebla.
_984903
901 _aBK
942 _cREIMP
949 _aR-1226
_bBC
_cR
_d-135403
_eTS1
_i63120
_si
999 _c57991
_d57991